000 00525nam a22001937a 4500
005 20240328120154.0
008 240328b |||||||| |||| 00| 0 eng d
020 _a9781609134464
082 _a611
_bSNE-C
100 _aSnell,Richard S.
245 _aClinical Anatomy by Regions /
_cSnell,Richard S.
250 _a9th.ed.
260 _aIndia :
_bWolters Kluwer ;
_c2012.
300 _aix, 754p. :
_bill ;
_c27 cm.
500 _aInclude Index .
650 _aMedical / Anatomy
700 _aRichard S.Snell
999 _c35498
_d35498